[Event "South Wales Autumn Open"]
[Site "Newport"]
[Date "2018.11.18"]
[Round "5.3"]
[White "Waddington, Mike P"]
[Black "Fathallah, Joe"]
[Result "1-0"]
[WhiteElo "2080"]
[BlackElo "1963"]
[Annotator "John Thornton"]
[PlyCount "55"]
[EventDate "2018.11.16"]
[EventType "swiss"]
[EventRounds "5"]
[EventCountry "WLS"]
[SourceDate "2018.11.17"]

1. Nc3 e6 2. e4 d5 3. Nf3 Nf6 4. e5 Nfd7 5. d4 c5 6. dxc5 Nc6 7. Bb5 Bxc5 8.
O-O a6 9. Bxc6 bxc6 10. Bf4 O-O 11. Qd2 f6 12. exf6 Qxf6 13. Bg5 Qg6 14. Kh1
Bb7 15. Rae1 Rae8 16. Bf4 Qg4 17. Bg3 Rxf3 18. gxf3 Qxf3+ 19. Kg1 Ba7 $2 (19...
e5 $15) 20. Qf4 $6 Qh5 $4 (20... Qxf4 $11) 21. Qc7 Nc5 22. b4 Rc8 23. Qd6 d4
24. bxc5 dxc3 25. Qxe6+ Qf7 26. Bd6 a5 27. Qxf7+ Kxf7 28. Re7+ 1-0

[Event "South Wales Autumn Open"]
[Site "Newport"]
[Date "2018.11.18"]
[Round "5.4"]
[White "Whitehead, Mark A"]
[Black "Pleasants, Allan J"]
[Result "1/2-1/2"]
[WhiteElo "1922"]
[BlackElo "2064"]
[PlyCount "30"]
[EventDate "2018.11.16"]
[EventType "swiss"]
[EventRounds "5"]
[EventCountry "WLS"]
[SourceDate "2018.11.17"]

1. e4 g6 2. Nc3 Bg7 3. g3 d6 4. Bg2 c5 5. Nge2 Nc6 6. d3 e6 7. O-O Nge7 8. Be3
Nd4 9. Rb1 Nec6 10. a3 O-O 11. b4 e5 12. Nd5 cxb4 13. axb4 Bg4 14. f3 Be6 15.
c3 Nxe2+ 1/2-1/2

[Event "South Wales Autumn Open"]
[Site "Newport"]
[Date "2018.11.18"]
[Round "5.5"]
[White "Roberts, Paul"]
[Black "Bevan, Peter M"]
[Result "1-0"]
[WhiteElo "2171"]
[BlackElo "1884"]
[PlyCount "51"]
[EventDate "2018.11.16"]
[EventType "swiss"]
[EventRounds "5"]
[EventCountry "WLS"]
[SourceDate "2018.11.17"]

1. Nf3 Nf6 2. d4 e6 3. Bf4 c5 4. e3 Qb6 5. Na3 cxd4 6. Nb5 Na6 7. exd4 d6 8. a4
Nc7 9. a5 Qc6 10. Nxc7+ Qxc7 11. c3 Bd7 12. Bd3 Be7 13. O-O O-O 14. Re1 b6 15.
axb6 Qxb6 16. Qe2 a5 17. Rab1 a4 18. Nd2 d5 19. Nf3 Ra5 20. Ne5 Bb5 21. Bg5 Rd8
22. Bxf6 Bxf6 23. Bxh7+ Kxh7 24. Qh5+ Kg8 25. Qxf7+ Kh7 26. Re3 1-0

[Event "South Wales Autumn Open"]
[Site "Newport"]
[Date "2018.11.18"]
[Round "5.6"]
[White "Van Kemenade, Rudy"]
[Black "May, Adam J"]
[Result "1-0"]
[WhiteElo "1953"]
[BlackElo "1913"]
[Annotator "John Thornton"]
[PlyCount "95"]
[EventDate "2018.11.16"]
[EventType "swiss"]
[EventRounds "5"]
[EventCountry "WLS"]
[SourceDate "2018.11.17"]

1. f4 d5 2. Nf3 Bg4 3. e3 Nd7 4. h3 Bxf3 5. Qxf3 c6 6. d4 e6 7. c4 Ngf6 8. Nc3
Bd6 9. Bd3 Qe7 10. O-O O-O 11. e4 dxe4 12. Nxe4 Nxe4 13. Bxe4 Nf6 14. Bc2 c5
15. dxc5 Bxc5+ 16. Be3 Rac8 17. Rac1 Rfd8 18. Rfd1 b6 19. Rxd8+ Rxd8 20. Rd1
Rxd1+ 21. Bxd1 g6 22. Kf1 Bxe3 23. Qxe3 Qc7 24. Qd4 Nd7 25. b4 h6 26. Ba4 Nb8
27. c5 bxc5 28. bxc5 Na6 29. c6 Nb8 30. Ke2 a5 $2 31. Qe5 Na6 32. Kd3 $6 (32.
Qxc7) 32... Kf8 $2 (32... Qxe5 $1 $17) 33. Qxc7 Nxc7 34. Kc4 Ke7 35. Kc5 g5 36.
fxg5 hxg5 $18 37. g3 f5 38. h4 $2 gxh4 $4 (38... f4 $11) 39. gxh4 $18 Nd5 40.
Bd1 Nb4 41. a3 Nxc6 42. Kxc6 e5 43. Kd5 Kf6 44. Bf3 e4 45. Be2 Kg6 46. Ke5 a4
47. Bd1 e3 48. Kf4 1-0

[Event "South Wales Autumn Open"]
[Site "Newport"]
[Date "2018.11.18"]
[Round "5.7"]
[White "Turner, Joseph David"]
[Black "Waterfield, John W"]
[Result "0-1"]
[WhiteElo "1860"]
[BlackElo "1929"]
[Annotator "John Thornton"]
[PlyCount "80"]
[EventDate "2018.11.16"]
[EventType "swiss"]
[EventRounds "5"]
[EventCountry "WLS"]
[SourceDate "2018.11.17"]

1. e4 c5 2. Nf3 d6 3. d4 cxd4 4. Nxd4 Nf6 5. Nc3 a6 6. g3 e5 7. Nde2 b5 8. Bg2
Bb7 9. O-O Nbd7 10. Nd5 Nxd5 11. exd5 Be7 12. h3 Rc8 13. Be3 O-O 14. a4 Qc7 15.
axb5 axb5 16. c3 Ra8 17. Qc2 Nb6 18. Rxa8 Rxa8 19. Rd1 Nc4 20. Bc1 Ra2 21. Qb1
Qa5 22. Be4 g6 23. h4 Ra1 24. Qc2 Bc8 25. h5 f5 26. hxg6 hxg6 27. Bf3 Qd8 28.
b3 Nb6 29. Qb2 Ra8 30. Qd2 Bb7 31. Qh6 Qe8 32. g4 Bf8 33. Qe3 e4 34. Qxb6 exf3
35. Nf4 Bc8 36. Bd2 g5 $2 37. Re1 $1 Qf7 38. Ne6 Bxe6 39. dxe6 Qh7 40. e7 $4 (
40. Qe3 $1 Qh3 41. Qxg5+ $18) 40... Qh3 0-1

[Event "South Wales Autumn Open"]
[Site "Newport"]
[Date "2018.11.18"]
[Round "5.8"]
[White "Taylor, Robert Graham"]
[Black "Cizek, Ondrej"]
[Result "1-0"]
[WhiteElo "1840"]
[BlackElo "1849"]
[PlyCount "95"]
[EventDate "2018.11.16"]
[EventType "swiss"]
[EventRounds "5"]
[EventCountry "WLS"]
[SourceDate "2018.11.17"]

1. Nf3 Nf6 2. g3 g6 3. Bg2 Bg7 4. c4 d6 5. d4 O-O 6. Nc3 Nbd7 7. O-O c5 8. d5
Nb6 9. Qd3 Bd7 10. e4 Ng4 11. h3 Ne5 12. Nxe5 Bxe5 13. Be3 Qc8 14. Kh2 f5 15.
Bh6 Bg7 16. Bxg7 Kxg7 17. f4 Qc7 18. Rae1 Rae8 19. b3 a6 20. Re2 e5 21. dxe6
Bxe6 22. exf5 Bxf5 23. Be4 Re7 24. Rfe1 Bc8 25. Bf3 Rxe2+ 26. Rxe2 Bf5 27. Qd2
h5 28. Qe1 Rf7 29. Bd5 Rd7 30. Be6 Re7 31. Bxf5 Rxe2+ 32. Qxe2 gxf5 33. Qxh5
Qe7 34. Qg5+ Qxg5 35. fxg5 Kg6 36. h4 Nd7 37. Ne2 b5 38. Nf4+ Kf7 39. cxb5 axb5
40. a4 c4 41. axb5 c3 42. Nd3 c2 43. h5 Nc5 44. Nc1 d5 45. b4 Ne4 46. b6 Nd6
47. Kg2 d4 48. Kf2 1-0

[Event "South Wales Autumn Open"]
[Site "Newport"]
[Date "2018.11.18"]
[Round "5.9"]
[White "White, Ernest M"]
[Black "Van Kemenade, Julie"]
[Result "0-1"]
[WhiteElo "1806"]
[BlackElo "1706"]
[PlyCount "110"]
[EventDate "2018.11.16"]
[EventType "swiss"]
[EventRounds "5"]
[EventCountry "WLS"]
[SourceDate "2018.11.17"]

1. e4 d6 2. d4 Nf6 3. Nc3 Nbd7 4. f4 e5 5. Nf3 c6 6. Bc4 Be7 7. fxe5 dxe5 8.
dxe5 Ng4 9. Bf4 Qb6 10. Qd2 Qc5 11. e6 Qxc4 12. exd7+ Bxd7 13. h3 Nf6 14. Ne5
Qe6 15. Nxd7 Nxd7 16. O-O-O O-O-O 17. Kb1 Nb6 18. Qe3 Bd6 19. Bxd6 Rxd6 20.
Rxd6 Qxd6 21. Rd1 Qb4 22. a3 Qxb2+ 23. Kxb2 Nc4+ 24. Kb3 Nxe3 25. Rd3 Nxg2 26.
Rg3 Nf4 27. Rxg7 Nxh3 28. Rxf7 Ng5 29. Rg7 Ne6 30. Rg4 h5 31. Rh4 Kd7 32. Kc4
Kd6 33. Kd3 Ke5 34. Ke3 Kf6 35. Ne2 Kg5 36. Rh1 h4 37. Rg1+ Kf6 38. Rh1 h3 39.
Nf4 Nxf4 40. Kxf4 b5 41. Rh2 a5 42. c3 c5 43. Ke3 Ke5 44. Kf3 b4 45. axb4 axb4
46. cxb4 cxb4 47. Kg3 b3 48. Kf3 b2 49. Rh1 h2 50. Kg2 Kxe4 51. Re1+ Kd3 52.
Kh1 Kc2 53. Re2+ Kb1 54. Re7 Rh3 55. Rg7 Ka2 0-1

[Event "South Wales Autumn Open"]
[Site "Newport"]
[Date "2018.11.18"]
[Round "5.10"]
[White "Morgans, Justin"]
[Black "Chung, Ethan Cheung Jing"]
[Result "1-0"]
[WhiteElo "1650"]
[BlackElo "1584"]
[Annotator "John Thornton"]
[PlyCount "67"]
[EventDate "2018.11.16"]
[EventType "swiss"]
[EventRounds "5"]
[EventCountry "WLS"]
[SourceDate "2018.11.17"]

1. e4 e6 2. d4 d5 3. Nd2 dxe4 4. Nxe4 Nd7 5. Nf3 Ngf6 6. Bd3 Nxe4 7. Bxe4 Nf6
8. Bg5 Be7 9. Bd3 b6 10. O-O Bb7 11. c3 h6 12. Bh4 O-O 13. Re1 Nh5 14. Bxe7
Qxe7 15. Be4 Bxe4 16. Rxe4 f5 $6 17. Re3 Rf6 18. Ne5 Nf4 19. Rg3 Qe8 20. Qf3
Nd5 21. h4 Rd8 22. Re1 a5 23. h5 Ne7 24. Nd3 Rd6 25. Nf4 Kh7 26. d5 Qa4 27.
Nxe6 Rf7 28. Nxg7 Qxa2 29. Rxe7 Qb1+ 30. Kh2 Rxe7 31. Nxf5 Re1 32. Rg7+ Kh8 33.
Rxc7 Rh1+ 34. Kg3 1-0

[Event "South Wales Autumn Open"]
[Site "Newport"]
[Date "2018.11.18"]
[Round "5.11"]
[White "Denham, Colin"]
[Black "Jansen Van Rensburg, Leon"]
[Result "1-0"]
[WhiteElo "1651"]
[BlackElo "1568"]
[Annotator "John Thornton"]
[PlyCount "107"]
[EventDate "2018.11.16"]
[EventType "swiss"]
[EventRounds "5"]
[EventCountry "WLS"]
[SourceDate "2018.11.17"]

1. Nf3 d5 2. d4 Nf6 3. e3 c6 4. Be2 Nbd7 5. O-O b6 6. Nbd2 Bb7 7. b3 e6 8. a4
Qc7 9. Ba3 Bxa3 10. Rxa3 a5 11. Qb1 Qd6 12. Ra2 O-O 13. Bd3 e5 14. dxe5 Nxe5
15. Nxe5 Qxe5 16. Nf3 Qc3 17. Qb2 Qxb2 18. Rxb2 Ne4 19. Bxe4 dxe4 20. Nd2 Ba6
21. Rc1 f5 22. c4 Rfd8 23. h3 Rd3 24. c5 b5 25. axb5 Bxb5 26. Nc4 a4 $2 27.
bxa4 Rxa4 28. Nd6 $1 g6 29. Nxb5 cxb5 30. Rxb5 Ra2 31. Rb8+ $2 (31. c6) 31...
Kg7 32. c6 Rdd2 33. Rf1 Rac2 34. Rb7+ Kh6 35. c7 $11 Re2 $4 (35... Rc6 36. Ra1
Rcc2 $11) 36. Kh2 (36. Rb2 $1 $18) 36... Red2 $4 37. Kg3 Re2 $4 38. Kf4 (38.
Rb2 $1) 38... Rc5 39. h4 (39. g4 $16) 39... Rec2 40. g4 Rxc7 (40... fxg4 $11)
41. Rxc7 Rxc7 42. gxf5 Rf7 43. Kxe4 Rxf5 44. f4 Kh5 45. Rg1 h6 $2 46. Rd1 Kg4
47. Rd6 $1 Kh5 48. Rd5 $1 Rxd5 49. Kxd5 Kxh4 50. e4 g5 51. f5 g4 52. f6 g3 53.
f7 g2 54. f8=Q 1-0